[Event "N3-Auch vs Castel"]
[Site "?"]
[Date "2011.03.20"]
[Round "7"]
[White "Morand, Esther"]
[Black "Pokee, Michèle"]
[Result "0-1"]
[WhiteElo "1572"]
[BlackElo "1420"]
[Annotator ""]
[Source ""]
[Remark ""]

1.d4 d5 2.Nf3 Bf5 3.Bf4 e6 4.h3 Nf6 5.Nbd2 Nbd7 6.c4 c6 7.e3 Bb4 8.Be2 Ne4
9.O-O Nxd2 10.Nxd2 Bxd2 11.Qxd2 Nf6 12.Qb4 Qb6 13.Qxb6 axb6 14.Bc7 Nd7 15.
b4 O-O 16.Rfd1 Rfc8 17.Bd6 Nf6 18.f3 Ne8 19.Bh2 h6 20.Rd2 Ra7 21.a4 Rca8 
22.Rda2 Bg6 23.Kf2 Bh7 24.g4 Bg6 25.h4 Bh7 26.h5 Kh8 27.Kg3 Nf6 28.Kh4 Ne8
29.Bf4 f6 30.Bg3 Kg8 31.f4 Be4 32.g5 f5 33.Be1 Nd6 34.cxd5 Bxd5 35.Ra3 Bc4
36.Bxc4 Nxc4 37.Rc3 Nd6 38.Rca3 b5 39.a5 Nc4 40.Rd3 b6 41.Kg3 bxa5 42.bxa5
Nxa5 43.Bb4 Nb7 44.Rxa7 Rxa7 45.Kf3 Ra1 46.Ra3 Rxa3 47.Bxa3 Na5 48.e4 Nc4 
49.Bb4 Kf7 50.e5 Nb6 51.Ke2 Nd5 52.Bd2 g6 53.gxh6 gxh5 54.Kf3 Kg6 55.h7 
Kxh7 56.Be1 Kg6 57.Kg3 Ne3 58.Bf2 Nd5 59.Kf3 b4 60.Be3 Nxe3 61.Kxe3 b3 0-1

[Event "N3-Auch vs Castel"]
[Site "?"]
[Date "2011.03.20"]
[Round "7"]
[White "Verges, Jean"]
[Black "Riviere, Frédéric"]
[Result "1/2-1/2"]
[WhiteElo "1660"]
[BlackElo "1790"]
[Annotator ""]
[Source ""]
[Remark ""]

1.e3 e5 2.d4 exd4 3.exd4 d5 4.c4 Nf6 5.Nc3 Be7 6.Bd3 Nc6 7.Nf3 Bg4 8.Be3 
O-O 9.c5 Bh5 10.h3 Re8 11.O-O Bxf3 12.Qxf3 Bxc5 13.dxc5 d4 14.Ne4 dxe3 15.
Nxf6+ Qxf6 16.Qxf6 gxf6 17.Rae1 Rad8 18.Bb5 exf2+ 19.Kxf2 Rd2+ 20.Kg1 Rxe1
21.Rxe1 Nd4 22.Re8+ Kg7 23.Bc4 Rxb2 24.Re7 c6 25.Rd7 Ne2+ 26.Bxe2 Rxe2 27.
Rxb7 Rxa2 28.Rc7 Ra6 29.Kf2 f5 30.Kf3 Kf6 31.Kf4 h6 32.Rd7 Ra4+ 33.Kf3 a5 
34.Rd6+ Ke5 35.Rxc6 Ra3+ 36.Kf2 Rc3 37.Rxh6 Rxc5 38.Ra6 Kd4 39.Kf1 Ke3 40.
g4 f4 41.Ra7 Kf3 42.Ke1 Kg2 43.h4 Re5+ 44.Kd2 f3 45.h5 Kg3 46.Rxf7 Kxg4 
47.h6 Rh5 48.Rg7+ Kf4 49.Rf7+ Kg3 50.Rg7+ Kf2 51.h7 Kf1 52.Ra7 f2 53.Rf7 
a4 54.Ra7 a3 55.Kc2 Kg1 56.Rg7+ Kh1 57.Rf7 Rh2 58.h8=Q Rxh8 59.Rxf2 Kg1 
60.Rf3 Ra8 1/2-1/2

[Event "N3-Auch vs Castel"]
[Site "?"]
[Date "2011.03.20"]
[Round "7"]
[White "Join, Etienne"]
[Black "Grezels, Florian"]
[Result "0-1"]
[WhiteElo "1830"]
[BlackElo "1852"]
[Annotator ""]
[Source ""]
[Remark ""]

1.e4 d6 2.d4 Nf6 3.Nc3 Nbd7 4.Bc4 e5 5.d5 Be7 6.Nge2 O-O 7.O-O c6 8.Ng3 a5
9.Be3 Re8 10.a3 Nf8 11.dxc6 bxc6 12.f3 g6 13.Qd3 Be6 14.Rad1 Qc7 15.Bg5 
Red8 16.Bxf6 Bxf6 17.Kh1 Rd7 18.Bxe6 Nxe6 19.Na4 Rad8 20.Qe3 Rb8 21.c4 Bg5
22.Qf2 Be7 23.Ne2 Qb7 24.Rd3 Qa6 25.Rc1 Kh8 26.Rcc3 f5 27.c5 fxe4 28.fxe4 
Rf8 29.Qe3 Rf1+ 30.Ng1 Nf4 31.Rd2 Bg5 32.Rf2 Ne6 33.Qe2 Qxe2 34.Rxe2 Nd4 
35.Rf3 Rxf3 36.Nxf3 Nxe2 37.Nxg5 dxc5 38.g3 h6 39.Nxc5 Rd1+ 0-1

[Event "N3-Auch vs Castel"]
[Site "?"]
[Date "2011.03.20"]
[Round "7"]
[White "Roques, Olivier"]
[Black "Mesples, Jean-Marc"]
[Result "1/2-1/2"]
[WhiteElo "1914"]
[BlackElo "1859"]
[Annotator ""]
[Source ""]
[Remark ""]

1.c4 e5 2.Nc3 d6 3.Nf3 f5 4.d4 e4 5.Ng5 Be7 6.Nh3 Nf6 7.e3 O-O 8.Be2 c6 9.
Rb1 d5 10.O-O Bd6 11.Qb3 Kh8 12.Bd2 dxc4 13.Bxc4 Ng4 14.g3 Qf6 15.Be2 Qg6 
16.Nf4 Bxf4 17.exf4 Qh5 18.Bxg4 Qxg4 19.Qd1 Qh3 20.f3 exf3 21.Qxf3 Nd7 22.
d5 cxd5 23.Nxd5 Qh6 24.Bb4 Rg8 25.Qf2 Nf6 26.Nxf6 Qxf6 27.Bc3 Qf7 28.Rfe1 
Bd7 29.a3 Bc6 30.Rbd1 Rge8 31.Be5 a6 32.Qd4 h5 33.Qb6 h4 34.Re3 h3 35.Rd6 
Kg8 36.Qd4 Rac8 37.Rc3 Qf8 38.Qc4+ Kh7 39.Qf1 Bg2 40.Qd1 Rxc3 41.Qh5+ Kg8 
42.bxc3 Rd8 43.Rh6 Rd1+ 44.Qxd1 gxh6 45.Qd7 Qf7 46.Qc8+ Kh7 47.Qc7 1/2-1/2

[Event "N3-Auch vs Castel"]
[Site "?"]
[Date "2011.03.20"]
[Round "7"]
[White "Golic, Nadil"]
[Black "Ramahef, Eric"]
[Result "0-1"]
[WhiteElo "1960"]
[BlackElo "2075"]
[Annotator ""]
[Source ""]
[Remark ""]

1.d4 Nf6 2.c4 g6 3.Nc3 Bg7 4.e4 d6 5.Nf3 O-O 6.Be2 e5 7.O-O Nc6 8.d5 Ne7 
9.Re1 Kh8 10.b4 Nh5 11.Ng5 Nf4 12.Bxf4 exf4 13.Rc1 h6 14.Nf3 g5 15.Nd4 Ng6
16.c5 a6 17.cxd6 cxd6 18.Nf5 Ne5 19.Nxg7 Kxg7 20.h3 Qf6 21.Na4 b5 22.Nb6 
Rb8 23.Nxc8 Rbxc8 24.Qb3 Qg6 25.f3 h5 26.Qb2 Qf6 27.Qd2 Qe7 28.Qd4 Qf6 29.
Qd2 Rh8 30.Rxc8 Rxc8 31.a4 Nc4 32.Bxc4 Rxc4 33.axb5 axb5 34.e5 dxe5 35.d6 
Rd4 36.Qe2 Rd5 37.d7 Qd8 38.Qb2 f6 39.Ra1 Rxd7 40.Qe2 Rd2 41.Qe1 Qd4+ 42.
Kh1 Qxb4 43.Ra7+ Kh6 44.Qc1 Qb2 45.Qg1 Qd4 46.Qxd4 Rxd4 47.Kg1 Rd2 48.Rb7 
Rb2 49.Kh2 Kg6 50.h4 g4 0-1

[Event "N3-Auch vs Castel"]
[Site "?"]
[Date "2011.03.20"]
[Round "7"]
[White "Gregory, Daniel"]
[Black "Devecchi, Jorge"]
[Result "1/2-1/2"]
[WhiteElo "2070"]
[BlackElo "1956"]
[Annotator ""]
[Source ""]
[Remark ""]

1.Nf3 Nf6 2.g3 b6 3.Bg2 Bb7 4.O-O g6 5.c4 Bg7 6.d3 O-O 7.Nbd2 d6 8.Rb1 a5 
9.b3 Nbd7 10.Bb2 Qc8 11.Bh3 e5 12.a3 Re8 13.b4 Re7 14.c5 Qe8 15.cxd6 cxd6 
16.Nc4 Bxf3 17.exf3 d5 18.Nd2 axb4 19.axb4 Nb8 20.Qb3 Qb5 21.Rfe1 Nfd7 22.
d4 Nc6 23.Bf1 Qxb4 24.Qxb4 Nxb4 25.dxe5 Ra2 26.f4 Nc5 27.Bc3 Nc2 28.Red1 
Na4 29.Bb4 Nxb4 30.Rxb4 Nc3 31.Rc1 Rc7 32.Nb3 b5 33.Ra1 Bf8 34.Rxa2 Bxb4 
35.Ra8+ Kg7 36.Rb8 Bc5 37.Kg2 Ba7 38.Rd8 Bc5 39.Bd3 Be7 40.Re8 Bc5 41.g4 
Nd1 42.Nxc5 Rxc5 43.Rb8 Rc3 44.Be2 Rc1 45.Bxd1 Rxd1 46.Rxb5 d4 47.Kf3 Rh1 
48.Rd5 Rxh2 49.Rxd4 h5 50.Kg3 Rh1 51.gxh5 Rxh5 52.Rd7 Kf8 53.Kf3 Ke8 54.
Ra7 Rf5 55.Ke4 Kf8 56.f3 Rh5 57.Ra6 Rf5 58.Rb6 Ke7 59.Rc6 Kd7 60.Rb6 Ke7 
61.Ra6 Kd7 62.Ra4 Ke7 63.Kd5 Kd7 64.Ra7+ Ke8 65.Ke4 Kf8 66.Rb7 Ke8 67.e6 
fxe6 68.Rg7 Kf8 69.Rxg6 Kf7 70.Rh6 Ra5 71.Rh8 Kf6 72.Rh6+ Ke7 73.Ke3 Ra3+ 
74.Kf2 Ra2+ 75.Kg3 Ra1 76.Rh2 Rg1+ 77.Kf2 Rg8 78.Rh6 Ra8 79.Rg6 Ra4 80.Kg3
Ra1 1/2-1/2

[Event "N3-Auch vs Castel"]
[Site "?"]
[Date "2011.03.20"]
[Round "7"]
[White "Levieux, Pascal"]
[Black "Lacroix, Romain"]
[Result "1-0"]
[WhiteElo "2104"]
[BlackElo "2228"]
[Annotator ""]
[Source ""]
[Remark ""]

1.d4 d5 2.c4 c6 3.Nf3 Nf6 4.Nc3 a6 5.e3 b5 6.cxd5 cxd5 7.Bd3 Bg4 8.a4 b4 
9.Ne2 Nc6 10.Ne5 Nxe5 11.dxe5 Nd7 12.f3 Be6 13.f4 Nc5 14.f5 Nxd3+ 15.Qxd3 
Bd7 16.O-O e6 17.Nf4 Qc7 18.fxe6 fxe6 19.Qe2 Qxe5 20.Nd3 Qd6 21.b3 Be7 22.
Bb2 Bf6 23.Bxf6 gxf6 24.Qh5+ Ke7 25.Qh6 Rhf8 26.Qxh7+ Rf7 27.Qh4 a5 28.Nf4
Rg8 29.Rad1 Qe5 30.Rfe1 Rfg7 31.Qf2 Rc8 32.Ne2 Rc2 33.Rc1 Qb2 34.Rxc2 Qxc2
35.Rf1 Rf7 36.Nd4 Qxf2+ 37.Kxf2 e5 38.Nf3 Be6 39.Nd2 Kd6 40.Rc1 Rh7 41.h3 
Rc7 42.Rxc7 Kxc7 43.Kf3 Kd6 44.g4 Kc5 45.h4 d4 46.g5 fxg5 47.hxg5 Bd5+ 48.
e4 Bf7 49.Ke2 Bh5+ 50.Kd3 Kd6 51.Nc4+ Ke6 52.Nxa5 Bd1 53.Nb7 Kd7 54.g6 Kc7
55.Nc5 Bh5 56.Na6+ Kb6 57.g7 Bf7 58.Nxb4 Kc5 59.Nd5 Be6 60.Nf6 Bxb3 61.Nd5
Bc4+ 62.Kd2 1-0

[Event "N3-Auch vs Castel"]
[Site "?"]
[Date "2011.03.21"]
[Round "7"]
[White "Lecoultre, Patrick"]
[Black "Rouede, Gilbert"]
[Result "0-1"]
[WhiteElo "1740"]
[BlackElo "1786"]
[Annotator ""]
[Source ""]
[Remark ""]

1.d4 d5 2.c4 c6 3.Nf3 Nf6 4.e3 Bf5 5.cxd5 cxd5 6.Qb3 Qc7 7.Bd2 Nc6 8.Bb5 
e6 9.Bb4 Bd6 10.Bxd6 Qxd6 11.Nc3 O-O 12.O-O a6 13.Bxc6 bxc6 14.Qd1 c5 15.
Rc1 cxd4 16.Qxd4 Rab8 17.Qd2 Qb4 18.b3 h6 19.Nd4 Rbc8 20.Nxf5 exf5 21.Qd3 
Rc5 22.Na4 Rxc1 23.Rxc1 Qa3 24.Rc2 Qb4 25.Qxa6 Qe4 26.Qe2 f4 27.exf4 Qxf4 
28.g3 Qf5 29.Nb2 Re8 30.Qd1 Re1+ 31.Qxe1 Qxc2 32.Na4 Qxa2 33.Nc5 Qc2 34.b4
Qc4 35.Nd7 Nxd7 36.Qe8+ Nf8 37.b5 Qb4 38.Qc6 d4 39.Qd5 Qb1+ 40.Kg2 d3 41.
b6 Qxb6 42.Qxd3 Ne6 43.Qc4 Qd4 44.Qc8+ Kh7 45.Qe8 Qd5+ 46.Kg1 Ng5 47.Qc8 
Qd1+ 48.Kg2 Qf3+ 49.Kg1 f5 50.Qc2 Qe4 51.Qc8 Nf3+ 52.Kg2 Nh4+ 53.Kf1 Qd3+ 
0-1

[Event "Nationale III"]
[Site "Echiquier Toulousain"]
[Date "2011.10.16"]
[Round "1.1"]
[White "LACROIX, Romain"]
[Black "HEINIS, Vincent"]
[Result "1/2-1/2"]
[WhiteElo "2192"]
[BlackElo "2124"]

1.e4 d5 2.exd5 Qxd5 3.Nc3 Qa5 4.d4 Nf6 5.Bc4 Bg4 6.Nf3 Nc6 7.Bd2 Qh5 8.Bb5
O-O-O 9.Bxc6 bxc6 10.Qe2 Kb7 11.O-O-O e6 12.Be3 Nd5 13.Nxd5 Qxd5 14.Rd3 
Qxa2 15.Rb3+ Kc8 16.Qc4 Qa1+ 17.Kd2 Qa5+ 18.c3 Bxf3 19.gxf3 Qd5 20.Qxd5 
exd5 21.Ra1 Bd6 1/2-1/2

[Event "Nationale III"]
[Site "Echiquier Toulousain"]
[Date "2011.10.16"]
[Round "1.2"]
[White "GERTOSIO, Franck"]
[Black "R, Eric"]
[Result "1-0"]
[WhiteElo "2218"]
[BlackElo "2050"]

1.e4 c5 2.c3 d5 3.exd5 Qxd5 4.d4 e5 5.dxe5 Qxe5+ 6.Be3 Be7 7.Nf3 Qc7 8.Na3
a6 9.Qa4+ Nc6 10.Bf4 Qa5 11.Qb3 b5 12.Qd5 Bb7 13.Ne5 Nd8 14.Qd7+ Kf8 15.
O-O-O Nf6 16.Qf5 Bc8 17.Qd3 Be6 18.Be2 Rc8 19.Qf3 Qa4 20.g4 b4 21.Nac4 
bxc3 22.Qxc3 Bd5 23.Bf3 Ne4 24.Bxe4 Bxe4 25.Rhe1 f5 26.gxf5 Bxf5 27.Bh6 
Kg8 28.Nd7 Qc2+ 29.Qxc2 Bxc2 30.Kxc2 1-0

[Event "Nationale III"]
[Site "Echiquier Toulousain"]
[Date "2011.10.16"]
[Round "1.5"]
[White "MEVEL, Maël"]
[Black "FORGUES, Valérie"]
[Result "1/2-1/2"]
[WhiteElo "1871"]
[BlackElo "1957"]

1.e4 e5 2.Nf3 Nc6 3.Bb5 a6 4.Bxc6 dxc6 5.O-O f6 6.d4 exd4 7.Nxd4 c5 8.Ne2 
Qxd1 9.Rxd1 Bd6 10.Bf4 Bxf4 11.Nxf4 Bd7 12.Nc3 O-O-O 13.Rd2 g5 14.Nfd5 h5 
15.Rad1 Rh7 16.e5 fxe5 17.Ne4 Rf8 18.Nxc5 Rff7 19.Nxd7 Rxd7 20.Kf1 Rhf7 
21.Ke2 Nh6 22.Ne3 Rxd2+ 23.Rxd2 Rd7 24.Rxd7 Kxd7 25.Nd5 Kc6 26.Nf6 h4 27.
Kd3 g4 28.Ke4 Kd6 29.Nd5 c6 30.Ne3 Ke6 31.c4 b5 32.cxb5 axb5 33.b4 Kf6 34.
h3 gxh3 35.gxh3 Ke6 36.Ng2 Nf5 37.Ne3 1/2-1/2

[Event "Nationale III"]
[Site "Echiquier Toulousain"]
[Date "2011.10.16"]
[Round "1.8"]
[White "BROLY, Marine"]
[Black "MORAND, Esther"]
[Result "1-0"]
[WhiteElo "1558"]
[BlackElo "1577"]

1.c4 e6 2.Nf3 d5 3.cxd5 exd5 4.d4 Nf6 5.Nc3 Be7 6.g3 h6 7.Bg2 Bf5 8.Nd2 c6
9.Nb3 Nbd7 10.O-O O-O 11.f3 c5 12.dxc5 Nxc5 13.Nd4 Bh7 14.Bh3 Qb6 15.Kh1 
Ne6 16.Nf5 Bxf5 17.Bxf5 d4 18.Ne4 Nd5 19.Nf2 Ne3 20.Bxe3 dxe3 21.Nd3 Nd4 
22.Be4 Rad8 23.f4 Bf6 24.Rc1 Rfe8 25.Bg2 Nf5 26.b3 Qb5 27.Rc7 Re7 28.Rxe7 
Bxe7 29.Qc1 Nd4 30.Qxe3 Bf6 31.Rd1 Re8 32.Ne5 Qxe2 33.Qxd4 Qxa2 34.Qd7 1-0

[Event "Nationale III"]
[Site "Echiquier Toulousain"]
[Date "2011.10.16"]
[Round "1.3"]
[White "ROUSSELLE, Stéphane"]
[Black "MARTY, Brice"]
[Result "0-1"]
[WhiteElo "1840"]
[BlackElo "2004"]

1.e4 c5 2.Nc3 Nc6 3.d3 g6 4.g3 Bg7 5.Bg2 d6 6.h4 h5 7.Nh3 Nf6 8.Nf4 O-O 9.
O-O Rb8 10.Rb1 b5 11.Bd2 Ng4 12.Nfd5 b4 13.Ne2 e6 14.Ne3 Nxe3 15.Bxe3 Nd4 
16.Nxd4 cxd4 17.Bd2 Qc7 18.Qc1 Bd7 19.Bf3 Rfc8 20.Bd1 Bb5 21.Bh6 Qa5 22.
Bxg7 Kxg7 23.Be2 Rc5 24.Qd2 Rbc8 25.Rfc1 e5 26.a3 Qa4 27.Qxb4 Qxb4 28.axb4
Rxc2 29.Rxc2 Rxc2 30.Kf1 d5 31.f3 f5 32.exf5 gxf5 33.Ke1 e4 34.fxe4 dxe4 
35.Bxh5 Rg2 36.Rd1 Bxd3 37.Rd2 Rxg3 38.Bd1 f4 39.h5 f3 40.Rf2 e3 0-1

[Event "Nationale III"]
[Site "Echiquier Toulousain"]
[Date "2011.10.16"]
[Round "1.7"]
[White "RIVIERE, Frédéric"]
[Black "FINKEL, Julie"]
[Result "1/2-1/2"]
[WhiteElo "1790"]
[BlackElo "1699"]

1.e4 g6 2.d4 Bg7 3.Nf3 d6 4.c3 c6 5.Be2 Nd7 6.Nbd2 Qc7 7.O-O Ngf6 8.Re1 e5
9.Bd3 O-O 10.Nb3 b5 11.h3 a5 12.a4 Ba6 13.Be3 d5 14.Nxe5 
    ( 14.axb5 
        ( {[Houdini 1.5a w32] 19:+0.91} 14.axb5 Bxb5 15.Bxb5 cxb5 16.dxe5 
        Nxe5 17.Nxe5 Qxe5 18.Bd4 Qe6 19.exd5 Qxd5 20.Re5 Qd7 21.Qf3 a4 22.
        Nc5 Qd6 23.Nd3 a3 24.Rxa3 Rxa3 25.bxa3 Qxa3 26.Rxb5 Nd7 27.Qe4 Ra8
        28.Rb1 Qa2 29.Nb4 )
    )
14...Nxe5 15.dxe5 Nxe4 16.Bxe4 dxe4 17.Nc5 Rfd8 18.Qc2 Qxe5 19.Qxe4 Qxe4 
20.Nxe4 b4 21.Rac1 Rab8 22.Nc5 Bc4 23.Bf4 bxc3 
    ( {[Houdini 1.5a w32] 22:+1.24} 23...bxc3 24.Bxb8 Rxb8 25.bxc3 Ra8 26.
    Red1 h5 27.Rd6 Bh6 28.Rcd1 Bd5 29.Nd7 Bb3 30.R1d4 Bg7 31.Re4 Rc8 32.
    Nb6 Rc7 33.Re8+ Kh7 34.c4 Bc2 35.c5 Bc3 36.Re3 Bb4 37.Re5 Kg7 38.Kh2 
    Bf5 )
24.bxc3 Rb2 25.Re7 Bf8 26.Rd7 Rxd7 27.Nxd7 Be7 28.Re1 Re2 29.Rb1 Be6 30.
Ne5 Bc5 31.Bh6 Ba7 
    ( {[Houdini 1.5a w32] 19:+3.92} 31...Ba7 32.Nxc6 Ba2 33.Rb7 Re1+ 34.
    Kh2 Bd5 35.Ne7+ Rxe7 36.Rxe7 Bb8+ 37.f4 Bc6 38.c4 g5 39.Bxg5 Kf8 40.
    Kg3 Kg7 41.Re3 Bc7 42.c5 Kg6 43.Re7 Bd8 44.Ra7 f6 45.Bh4 Kf5 46.Ra6 
    Bxa4 47.Kf3 h5 48.g4+ hxg4+ 49.hxg4+ Kg6 50.f5+ Kf7 51.Be1 Bd1+ 52.Ke4
    Bxg4 53.Bxa5 Be2 54.Ra7+ Be7 )
32.Nxc6 Bf5 
    ( {[Houdini 1.5a w32] 22:+4.34} 32...Bf5 33.Rb7 Bxf2+ 34.Kf1 Bd3 35.
    Rb8+ Re8+ 36.Kxf2 Rxb8 37.Nxb8 f6 38.Nd7 Bc2 39.Nxf6+ Kf7 40.Nd7 Bxa4 
    41.Ne5+ Ke6 42.Nc4 Bb5 43.Nxa5 Kd5 44.Be3 h5 45.Bd4 Ke6 46.Nb3 g5 47.
    Nd2 g4 48.hxg4 hxg4 49.Ke3 Bc6 50.Ne4 Kf5 51.Nd6+ Ke6 )
33.Rd1 Bb6 34.Nd4 Bxd4 35.Rxd4 Re1+ 36.Kh2 Re8 37.Rd5 Ra8 38.g4 Be6 39.Rd6
Bb3 40.Rd4 f6 41.Bf4 Rc8 42.Bd2 Rc4 1/2-1/2

[Event "Nationale III"]
[Site "Echiquier Toulousain"]
[Date "2011.10.16"]
[Round "1.6"]
[White "BROLY, Mathilde"]
[Black "GREZELS, Florian"]
[Result "0-1"]
[WhiteElo "1689"]
[BlackElo "1863"]

1.c4 c6 2.Nf3 Nf6 3.g3 d5 4.cxd5 cxd5 5.d4 Nc6 6.Bg2 Bf5 7.Nc3 e6 8.O-O 
Be7 9.a3 O-O 10.b4 Rc8 11.Na4 b6 12.Nb2 a5 13.bxa5 Nxa5 14.Nd3 Ne4 15.Bd2 
Nxd2 16.Nxd2 Bxd3 17.exd3 Rc3 18.Nb1 Rc7 19.Ra2 Bf6 20.Rb2 Bxd4 21.Rb4 Nc6
22.Rb5 Bc5 23.h4 Nd4 24.Rb2 Qd6 25.h5 Nf5 26.Kh1 Ra8 27.a4 Bd4 28.Ra2 b5 
29.Na3 Rb7 30.a5 b4 31.Nb1 b3 32.Ra3 b2 33.Qa4 Qe5 34.Qc6 Nxg3+ 35.Kh2 
Nxf1+ 36.Kg1 Qc7 37.Qxc7 Rxc7 38.Bxf1 Rc1 39.a6 Rxb1 40.Rb3 Ra1 0-1

[Event "Nationale III"]
[Site "Echiquier Toulousain"]
[Date "2011.10.16"]
[Round "1.4"]
[White "MURATET, Lucas"]
[Black "ROQUES, Olivier"]
[Result "1/2-1/2"]
[WhiteElo "2040"]
[BlackElo "1904"]

1.e4 c5 2.Nf3 d6 3.d4 cxd4 4.Nxd4 Nf6 5.Nc3 a6 6.Bg5 e6 7.f4 Be7 8.Qf3 Qc7
9.O-O-O Nbd7 10.Bd3 b5 11.Rhe1 Bb7 12.Qg3 b4 13.Nd5 exd5 14.exd5 Kd8 15.
Nc6+ Bxc6 16.dxc6 Nb6 17.Bh4 Bf8 18.Qg5 h6 19.Qg3 Qxc6 20.Be4 d5 21.Bxd5 
Nxd5 22.Bxf6+ gxf6 23.Qb3 Kc7 24.Rxd5 Bd6 25.Re4 Kb7 26.Rxb4+ Bxb4 27.
Qxb4+ Ka7 28.Qe7+ Kb8 29.Qb4+ Qb7 30.Qd6+ Qc7 31.Qb4+ Qb7 1/2-1/2

[Event "NATIONALE III"]
[Site "Toulouse CEIT"]
[Date "2011.11.12"]
[Round "2.6"]
[White "RIVIERE, Frédéric"]
[Black "GUILLOMEAU, Adrien"]
[Result "1-0"]
[WhiteElo "1788"]
[BlackElo "1612"]

1.e4 c5 2.Nf3 d6 3.d4 cxd4 4.Nxd4 Nf6 5.Nc3 a6 6.Be2 e6 7.O-O b5 8.a3 Bb7 
9.Bg5 Be7 10.Bf3 Nbd7 11.Qe2 Ne5 12.Bf4 Nfd7 13.Rad1 Nc4 14.Bc1 Qc7 15.Bh5
O-O 16.f4 Bf6 17.Kh1 Nxa3 
    ( {[Houdini 1.5a w32] 17:-0.42} 17...Nxa3 18.Bg4 Nb6 19.Qf2 b4 20.Nce2
    Nb5 21.e5 dxe5 22.fxe5 Be7 23.Bh5 Bc5 24.b3 Nxd4 25.Nxd4 g6 26.Bf3 Nd5
    27.Bxd5 Bxd5 28.Bh6 Qxe5 29.Bxf8 Rxf8 )
18.Bg4 Rfe8 
    ( {[Houdini 1.5a w32] 16:-0.73} 18...Rfe8 19.Rf3 b4 20.Na2 Bxd4 21.
    bxa3 e5 22.Bxd7 Qxd7 23.Nxb4 f5 24.c3 fxe4 25.Rff1 Bc5 26.Be3 Rac8 27.
    Bxc5 Rxc5 28.fxe5 Rcxe5 29.c4 a5 30.Nd5 Bxd5 31.cxd5 )
19.Rfe1 Nc4 20.b3 Na5 $2 
    ( {[Houdini 1.5a w32] 19:-0.83} 20...Bxd4 21.Rxd4 Nce5 22.Bb2 Nxg4 23.
    Qxg4 f5 24.Qg3 Nf6 25.e5 dxe5 26.fxe5 Nd5 27.Nxd5 Bxd5 28.Rc1 Rac8 29.
    Rd2 Qe7 30.Ra1 Red8 31.Bd4 Qb4 32.Rad1 Be4 33.Be3 Rxd2 34.Bxd2 )
    ( {[Houdini 1.5a w32] 17:-0.33} 20...Na5 21.Ndxb5 axb5 22.Nxb5 Qc6 23.
    Nxd6 Red8 24.e5 Bh4 25.Rg1 Qc5 26.Be3 Qc7 27.Bh5 g6 28.b4 Nc4 29.Qxc4 
    Qxc4 30.Nxc4 gxh5 31.Nd6 Bd5 32.c4 Ra3 33.cxd5 Rxe3 34.dxe6 fxe6 )
21.Ndxb5 $1 axb5 22.Nxb5 Qc5 23.Ba3 Qb6 24.Nxd6 $10 Bc3 $2 
    ( {[Houdini 1.5a w32] 18:+2.13} 24...Bc3 25.Nxe8 Bc6 26.Nd6 Bxe1 27.
    Qxe1 Nb7 28.Nc4 Qc7 29.e5 Bd5 30.Bb4 Bxc4 31.bxc4 Rb8 32.Bf3 Nb6 33.
    Qc3 g6 34.Rd4 Nc5 35.Qa3 Nba4 36.Rd1 Kg7 )
25.Nxe8 
    ( {[Houdini 1.5a w32] 20:+1.95} 25.Nxe8 Bc6 26.Nd6 Bxe1 27.Qxe1 Nb7 
    28.Nc4 Qc7 29.e5 Nb6 30.Bd6 Nxd6 31.exd6 Qb7 32.Nxb6 Qxb6 33.Qe2 Qb7 
    34.f5 exf5 35.Bxf5 g6 36.Bd3 Ra5 37.Bc4 Rg5 38.Rg1 Qd7 39.Qf2 Rg4 40.
    Qf6 Qa7 )
25...Bxe1 26.Qxe1 Bc6 {J'ai songé à Cxg7 à ce moment mais je me suis 
ravisé puisque le coup pour lequel j'ai opté demande un calcul moindre....
} 
    ( {[Houdini 1.5a w32] 16:+4.16} 26...Bc6 27.Nxg7 Nxb3 28.cxb3 Rxa3 29.
    Nxe6 Ra7 30.Nd4 Nf6 31.Bf3 Ne8 32.Nxc6 Qxc6 33.e5 Qe6 34.b4 Rd7 35.
    Qg3+ Kf8 36.Qf2 Rxd1+ 37.Bxd1 Qd7 38.Bc2 Nc7 39.Qc5+ Kg8 )
27.Nd6 Nxb3 28.Nc4 Qc7 29.cxb3 {Les coups suivants ont été joués assez 
rapidement car la pendule pressait le pas...} 29...Qb7 30.Nd6 Qxb3 31.Bc1 
Ra1 32.Bd2 Ra4 33.Rc1 Ra6 34.Be2 Rb6 35.Ba5 {Abandon} 
    ( {[Houdini 1.5a w32] 17:+8.86} 35.Ba5 Rb8 36.Rxc6 Nf6 37.Rc1 Qa4 38.
    Bd1 Qa2 39.Rc7 Rf8 40.Qd2 Qb1 41.Rb7 Qa1 42.Bc3 Qa6 43.Be2 Qc6 44.Bxf6
    gxf6 45.Bh5 Rd8 )
1-0

[Event "NATIONALE III"]
[Site "Auch"]
[Date "2011.11.13"]
[Round "3.5"]
[White "RIVIERE, Frédéric"]
[Black "DE LAUBADERE, Patrick"]
[Result "1/2-1/2"]
[WhiteElo "1788"]
[BlackElo "1963"]

1.d4 f5 2.c4 Nf6 3.Nc3 g6 4.Nf3 Bg7 5.Bf4 d6 6.e3 O-O 7.Bd3 Na6 8.Rc1 c5 
9.a3 h6 10.h4 
    ( 10.h3 {h3 était plus recommandé...} )
10...Ng4 {Cg4 menace la poussée du pion central e5} 11.d5 Nc7 12.Bb1 Ne5 
13.Qe2 {pour protéger le pion c4} 13...Rb8 14.O-O $10 
    ( {[Houdini 1.5a w32] 20:+0.45} 14.Nxe5 {était mieux contrairement aux
    apparences....} 14...dxe5 15.Bh2 h5 16.O-O Qd6 17.Ba2 Bf6 18.b4 b6 19.
    Rb1 Kg7 20.Bg3 Bb7 21.Rfd1 e6 22.bxc5 bxc5 23.dxe6 Qxe6 24.Nd5 Nxd5 
    25.cxd5 Qd6 26.Qc4 Ba6 )
14...Qe8 15.b4 cxb4 16.axb4 b5 17.c5 a5 18.cxd6 exd6 19.Rfd1 axb4 20.Na2 
Na6 21.Nd4 Bd7 22.Qe1 $10 Qe7 $2 
    ( {[Houdini 1.5a w32] 19:+0.00} 22...b3 23.Nb4 b2 24.Rc2 Nxb4 25.Qxb4 
    g5 26.hxg5 hxg5 27.Bxe5 Bxe5 28.Nf3 Qh5 29.Rcd2 Rf6 30.Nxe5 dxe5 31.f3
    e4 32.Qc3 Rh6 33.Qc7 Qh1+ 34.Kf2 Qh4+ 35.Kg1 Qh1+ 36.Kf2 )
23.Nxb4 Nxb4 24.Qxb4 g5 25.hxg5 
    ( {[Houdini 1.5a w32] 17:+1.37} 25.Bxe5 Bxe5 26.Nc6 Bxc6 27.dxc6 f4 
    28.hxg5 fxe3 29.fxe3 hxg5 30.Qb3+ Qf7 31.Qxf7+ Kxf7 32.c7 Rbc8 33.Rf1+
    Bf6 34.Bf5 Ke7 35.Rf3 Be5 36.Bxc8 Rxc8 37.Rh3 b4 38.Rb1 Kf6 39.Rh7 d5 
    40.Rxb4 Bxc7 41.Kf2 Be5 42.Rh6+ Kg7 )
25...hxg5 26.Bxe5 Bxe5 27.Rc7 Qh7 28.Nf3 Rf7 29.Rdc1 Qg7 {Mon adversaire 
me propose nulle. Romain m'indique que si j'accepte, l'équipe perd. Il me 
reste 11 mn à la pendule et j'ai beau réfléchir, je ne vois pas comment 
prendre un réel avantage, les moteurs d'analyse n'ont plus apparemment. Il
me reste 7 minutes et il me reste encore 12 coups à jouer pour atteindre 
le controle de temps du 40ème coup. Finalement j'accepte la nulle mais je 
condamne mon équipe à la défaite...} 
    ( {[Houdini 1.5a w32] 20:+0.30} 29...Qg7 30.Ra7 f4 31.Nxe5 Qxe5 32.Re1
    Rc8 33.exf4 Qxf4 34.Qxf4 gxf4 35.Ra6 Rf6 36.Rb6 Kg7 37.Rb7 Rf7 38.Be4 
    Re7 39.f3 Rd8 40.Rb1 Kf6 41.Bd3 Be8 42.Rxe7 Kxe7 43.Bxb5 Bxb5 44.Rxb5 
    )
    ( {[Critter 1.2 32-bit] 19:+0.51} 29...Qg7 30.Ra7 f4 31.Nxe5 Qxe5 32.
    Re1 Rbf8 33.Ra6 Rf6 34.exf4 Qxf4 35.Qxf4 gxf4 36.Ra7 R8f7 37.Rb7 f3 
    38.g3 Kg7 39.Rc1 Be8 40.Rb6 Rh6 41.Bd3 Ra7 42.Bxb5 Bxb5 43.Rxb5 )
    ( {[Strelka 5] 20:+1.64} 29...Qg7 30.Ra7 f4 31.Nxe5 Qxe5 32.Re1 Rd8 
    33.Ra6 Rf6 34.exf4 Qxf4 35.Qxf4 gxf4 36.Rb6 Re8 37.Rxe8+ Bxe8 38.Bd3 
    f3 39.Rb8 Kf7 40.g3 Rh6 41.Bxb5 Bxb5 42.Rxb5 Kf6 43.Rb3 Ke5 44.Rxf3 
    Kxd5 45.Kg2 )
    ( {[Komodo32 3 32bit] 18:+0.44} 29...Qg7 30.Bd3 g4 31.Nxe5 Qxe5 32.g3 
    Rh7 33.Rd1 Qh8 34.Kg2 Qe5 35.Bc2 Rf7 36.Qb1 Bc8 37.Rxf7 Kxf7 38.Rd4 
    Kg8 39.Qh1 Bb7 40.Qh5 Bxd5+ 41.Kg1 Rf8 42.Bd3 Be6 43.Qg6+ )
1/2-1/2

[Event "Championnat 82"]
[Site "Montauban"]
[Date "2012.02.26"]
[Round "2.4"]
[White "CATALA, Laurent"]
[Black "ROQUES, Olivier"]
[Result "0-1"]
[WhiteElo "1859"]
[BlackElo "1904"]

1.e4 c5 2.Nf3 d6 3.d4 cxd4 4.Nxd4 Nf6 5.Nc3 a6 6.Be2 e6 7.Be3 Be7 8.O-O 
O-O 9.a4 Nc6 10.Nxc6 bxc6 11.a5 c5 12.f3 Rb8 13.b3 
    ( 13.Na4 Qxa5 14.b3 Qc7 15.Nb2 d5 16.exd5 Nxd5 17.Bf2 Bd6 18.g3 Be5 
    19.Na4 Bxa1 20.Qxa1 Rd8 21.Nxc5 a5 22.c4 Nb4 23.Qc3 e5 24.Ra1 Bf5 25.
    Bf1 h5 26.Re1 Re8 27.Ne4 Rbd8 28.c5 Bxe4 29.fxe4 Qd7 30.Bc4 Re7 31.Ra1
    Qg4 32.Rxa5 Rd1+ 33.Kg2 h4 34.h3 Qxe4+ 35.Qf3 Qxf3+ 36.Kxf3 e4+ 37.Ke2
    Red7 38.Ke3 R7d4 39.Kf4 Nd3+ 40.Bxd3 e3+ 41.Kxe3 R4xd3+ 42.Ke2 R1d2+ 
    43.Ke1 hxg3 44.Bxg3 Rc2 45.Bd6 Rxh3 46.Kd1 Rg2 47.Ra8+ Kh7 48.Re8 Rxb3
    49.Kc1 Rh3 50.Re1 g5 51.Kb1 Rb3+ 52.Ka1 Rg4 53.Ka2 Rb7 54.Ka3 Rc4 55.
    Re8 {0-1 Nykopp, Jan Michael F (2260) - Plaskett, Jim (2405) / 
    Politiken Cup 03rd (1), Copenhagen 1981} )
13...Qc7 14.Kh1 Rd8 15.f4 d5 16.e5 d4 17.exf6 gxf6 18.Bd3 f5 19.Bd2 dxc3 
20.Bxc3 f6 21.Qe2 Rd6 22.Rf3 Bb7 23.Rg3+ Kh8 24.Bc4 Be4 25.Qf2 $2 $14 
    ( {[Houdini 1.5a w32] 20:+2.29} 25.Bxa6 Qd8 26.Bc4 Rb7 27.Re3 Ra7 28.
    Kg1 Qd7 29.a6 Qd8 30.Rxe4 fxe4 31.Qxe4 Qf8 32.Re1 Bd8 33.Re3 Raxa6 34.
    Bxa6 Rxa6 35.Qc4 Ra2 36.Be1 e5 37.fxe5 fxe5 38.Rxe5 )
25...Rbd8 26.Rf1 Rf8 27.Rh3 Rg8 28.Rg1 Qb7 29.Rh6 $4 
    ( {[Houdini 1.5a w32] 21:+0.45} 29.Be2 Rg6 30.Bf3 Bxf3 31.Rxf3 Qc8 32.
    Re1 Qc6 33.Rfe3 Kg7 34.b4 c4 35.R3e2 Qd7 36.Qc5 Rc6 37.Qe3 Rd6 38.Qf3 
    Kg8 39.Bb2 Bf8 40.h3 )
29...Bxg2+ 30.Rxg2 Rd1+ 31.Bf1 Rxg2 
    ( {[Houdini 1.5a w32] 42:M5} 31...Rxg2 32.Rxh7+ Kxh7 33.Qh4+ Kg8 34.
    Qh8+ Kxh8 35.Be1 Rxe1 36.c4 Rxf1# )
0-1